LEADER 01367nam--2200433---450- 001 990003201990203316 005 20100118150530.0 035 $a000320199 035 $aUSA01000320199 035 $a(ALEPH)000320199USA01 035 $a000320199 100 $a20090304d--------km-y0itay0103----ba 101 $aita 102 $aDE 110 $aakaz---|||| 200 1 $aRelazione annuale. CEDEFOP 210 $aBerlino$cCEDEFOP 215 $av.$cill.$d20 cm 300 $aComincia nel 1979 300 $aDescrizione basata su: 1985 326 $aAnnuale 451 $1001000300776$aAnnual report. CEDEFOP 451 1$10010000934$aRapport annuel. CEDEFOP 606 0 $aFormazione professionale$yEuropa 606 0 $aCentro europeo per lo sviluppo della formazione professionale$xAttività$xRelazioni 676 $a371.00945 699 $a06.03$bSistemi d'insegnamento 710 02$aCENTRO EUROPEO PER LO SVILUPPO DELLA FORMAZIONE PROFESSIONALE$0432674 801 0$aIT$bsalbc$gISBD 912 $a990003201990203316 958 $aCDE$bCDE / CER$c1985- 959 $aBK 969 $aCDE 979 $aMARIAS$b90$c20090304$lUSA01$h1340 979 $aMARIAS$b90$c20091001$lUSA01$h1130 979 $aMARIAS$b90$c20100118$lUSA01$h1459 979 $aMARIAS$b90$c20100118$lUSA01$h1505 996 $aRelazione annuale. CEDEFOP$91015307 997 $aUNISA LEADER 02401nam 2200553Ia 450 001 9910777495703321 005 20230421044742.0 010 $a1-280-76091-5 010 $a0-19-535584-9 035 $a(CKB)1000000000412273 035 $a(EBL)431254 035 $a(OCoLC)252640965 035 $a(SSID)ssj0000269104 035 $a(PQKBManifestationID)11219187 035 $a(PQKBTitleCode)TC0000269104 035 $a(PQKBWorkID)10243823 035 $a(PQKB)10324357 035 $a(MiAaPQ)EBC431254 035 $a(Au-PeEL)EBL431254 035 $a(CaPaEBR)ebr10278373 035 $a(CaONFJC)MIL76091 035 $a(EXLCZ)991000000000412273 100 $a19951108d1996 uy 0 101 0 $aeng 135 $aur|n|---||||| 181 $ctxt 182 $cc 183 $acr 200 04$aThe Warren court$b[electronic resource] $ea retrospective /$fedited by Bernard Schwartz 210 $aNew York $cOxford University Press$d1996 215 $a1 online resource (417 p.) 300 $aPapers presented to a Warren Court conference in 1994. 311 $a0-19-510439-0 320 $aIncludes bibliographical references and index. 327 $aContents; Contributors; 1. Introduction; 2. A Personal Remembrance; 3. Earl Warren and His America; I. THE CONSTITUTIONAL CORPUS; II. THE JUSTICES; III. A BROADER PERSPECTIVE 330 $aA judge-made revolution? The very term seems an oxymoron, yet this is exactly what the Supreme Court under Chief Justice Earl Warren achieved. In Bernard Schwartzs latest work, based on a conference at the University of Tulsa College of Law, we get the first retrospective on the Warren Court--a detailed analysis of the Courts accomplishments, including original pieces by well-known judges, professors, lawyers, popular writers such as Anthony Lewis, David Halberstam, David J. Garrow, and a rare personal remembrance by Justice William J. Brennan, Jr. The Warren Court: A Retrospective begins with 606 $aAppellate courts$zUnited States$xHistory 615 0$aAppellate courts$xHistory. 676 $a347.73/26 347.30735 676 $a347.7326347.30735 676 $a347.7326347.30735 701 $aSchwartz$b Bernard$f1923-1997.$0228990 801 0$bMiAaPQ 801 1$bMiAaPQ 801 2$bMiAaPQ 906 $aBOOK 912 $a9910777495703321 996 $aThe Warren court$93829382 997 $aUNINA